| 000 | 00384nam a22001457a 4500 | ||
|---|---|---|---|
| 008 | 230406b |||||||| |||| 00| 0 eng d | ||
| 020 | _a978-0-00-862048-6 | ||
| 082 | _a813.54 | ||
| 100 | _aColleen Hoover and Tarryn Fisher | ||
| 245 | _aNever Never | ||
| 260 |
_bHQ, HarperCollins, _c2015 |
||
| 300 |
_a393 p. _c19.5 cm |
||
| 942 | _2ddc | ||
| 999 |
_c9511 _d9512 |
||